| 000 | 00865nam a22002537a 4500 | ||
|---|---|---|---|
| 005 | 20170123162339.0 | ||
| 010 | _aA-645002 | ||
| 020 | _c00.00 | ||
| 035 | _aA-645002 | ||
| 037 | _bCen Lib/Ret | ||
| 040 |
_aDPL _bUR |
||
| 082 |
_a843.08 _bع ل ی |
||
| 100 |
_aاسلم عزیز رددانی _9107871 |
||
| 245 |
_aانتساب / _cاسلم عزیز رددانی |
||
| 246 |
_aIntesab / _bby Aslam Azeez Ruddani |
||
| 260 |
_bایجوکیشنل پبلشنگ ہاؤس _c1972 _aدہلی |
||
| 270 |
_a٣١٠٨، گلی عزیز ادیں وکیل کچہ پنڈت لال کون _bدہلی _e110006 |
||
| 300 |
_a200p. _c21cm(Hb) |
||
| 650 |
_aادب -- اردو _9126389 |
||
| 650 |
_aاردو مضمون _9126390 |
||
| 650 |
_aLiterature -- Urdu _9126391 |
||
| 650 |
_aUrdu essays _9528 |
||
| 942 |
_2ddc _cUR _h843.08 _mع ل ی |
||
| 999 |
_c108400 _d108400 |
||